Fleetwood Mac - Seven Wonders lyrics - Statistics

General Stats
  • This quiz has been taken 116 times
  • The average score is 147 of 191
Answer Stats
Lyrics % Correct
a
100%
I
100%
seven
100%
wonders,
100%
the
98%
The
98%
to
96%
if
94%
If
94%
see
94%
live
91%
make
88%
You
88%
you
88%
end.
85%
I'll
85%
rainbow's
85%
beauty
83%
again.
81%
never
81%
So
81%
my
79%
time.
79%
match
78%
long
76%
path
76%
place.
76%
hand
75%
hand.
75%
way,
75%
way
75%
ago.
74%
And
74%
and
74%
Certain
71%
certain
71%
it
69%
But
66%
but,
66%
but
66%
touched
66%
our
65%
down
64%
well
64%
well,
64%
all
63%
I'm
63%
me.
63%
cross,
61%
of
60%
on
59%
paths
58%
that
58%
your
58%
out
56%
sorry
56%
know
53%
it's
51%
It's
51%
with
51%
cool.
48%
find
48%
kind
48%
smiled
48%
played
46%
someone
46%
hard
44%
reached
44%
pray,
43%
Emmeline.
39%
held
39%
no
36%
hope
35%
not
33%
intensity.
31%
someday.
29%
back
28%
ooh
25%
might
24%
work
24%
No matching quizzes found
Score Distribution
Percent of People with Each Score
Percentile by Number Answered
Your Score History
You have not taken this quiz